Olivenza , capital del toro (Record no. 42301)
[ view plain ]
| 000 -Etiqueta do registo | |
|---|---|
| Valores | 00392nam a2200169 4500 |
| 100 ## - Dados gerais de processamento | |
| Dados gerais | 20231116 pory50 |
| 101 ## - Língua de publicação | |
| Língua | esp |
| 102 ## - País de publicação | |
| País | ESP |
| 200 ## - Titulo e menção de responsabilidade | |
| Título próprio | Olivenza , capital del toro |
| Primeira menção de responsabilidade | José Mauricio Rodriguez del Rincón |
| 205 ## - Menção da edição | |
| Edição | 1.ª ed. |
| 210 ## - Publicação | |
| Local de publicação | [S.l.] |
| Nome do editor | Culbucks |
| Data de publicação | 2020 |
| 215 ## - Descrição física | |
| Paginação / Volumes | v. |
| 675 ## - CDU | |
| Notação | 791.8 |
| 801 ## - Fonte de origem | |
| País | PT |
| Regras de catalogação | RPC |
| 990 ## - Elementos KOHA | |
| Tipo de documento | Livro |
| Aquisição | Empréstimo | Código de barras | Cota | Permissão de empréstimo | Tipo de documento | Nota relativa ao exemplar |
|---|---|---|---|---|---|---|
| Biblioteca Municipal de Redondo | Biblioteca Municipal de Redondo | 048707 | 791.8 ROD | Livro | 2.º V. |